तेजस्वी मन / (Record no. 118861)
[ view plain ]
| 000 -LEADER | |
|---|---|
| fixed length control field | 01131nam a22002657a 4500 |
| 005 - DATE AND TIME OF LATEST TRANSACTION | |
| control field | 20170124103122.0 |
| 010 ## - LIBRARY OF CONGRESS CONTROL NUMBER | |
| LC control number | B-091687 |
| 020 ## - INTERNATIONAL STANDARD BOOK NUMBER | |
| Terms of availability | 125.00 |
| International Standard Book Number | 8173154228 |
| 035 ## - SYSTEM CONTROL NUMBER | |
| System control number | B-091687 |
| 037 ## - SOURCE OF ACQUISITION | |
| Source of stock number/acquisition | Cen Lib / Ret |
| 040 ## - CATALOGING SOURCE | |
| Original cataloging agency | DPL |
| Language of cataloging | HN |
| 082 ## - DEWEY DECIMAL CLASSIFICATION NUMBER | |
| Classification number | 080 |
| Item number | कलाम |
| 100 ## - MAIN ENTRY--PERSONAL NAME | |
| Personal name | कलाम, ए.पी.जे. अब्दुल |
| 9 (RLIN) | 82226 |
| 245 ## - TITLE STATEMENT | |
| Title | तेजस्वी मन / |
| Statement of responsibility, etc | ए.पी.जे. अब्दुल कलाम ; अनुवादक अरुण तिवारी |
| 246 ## - VARYING FORM OF TITLE | |
| Title proper/short title | Tejasvi man / |
| Remainder of title | by A.P.J. Abdul Kalam |
| 260 ## - PUBLICATION, DISTRIBUTION, ETC. (IMPRINT) | |
| Place of publication, distribution, etc | दिल्ली |
| Name of publisher, distributor, etc | प्रभात प्रकाशन |
| Date of publication, distribution, etc | 2003 |
| 270 ## - ADDRESS | |
| Address | दिल्ली |
| City | 4/19, आसफ अली रोड |
| Postal code | 110002 |
| 300 ## - PHYSICAL DESCRIPTION | |
| Extent | 126पृ. |
| Dimensions | 20सेमी (सजिल्द) |
| 650 ## - SUBJECT ADDED ENTRY--TOPICAL TERM | |
| Topical term or geographic name as entry element | राजनीति शास्त्र |
| 9 (RLIN) | 82227 |
| 650 ## - SUBJECT ADDED ENTRY--TOPICAL TERM | |
| Topical term or geographic name as entry element | राजनीति शास्त्र--अध्यक्ष |
| 9 (RLIN) | 3276 |
| 650 ## - SUBJECT ADDED ENTRY--TOPICAL TERM | |
| Topical term or geographic name as entry element | Politics |
| 9 (RLIN) | 6612 |
| 650 ## - SUBJECT ADDED ENTRY--TOPICAL TERM | |
| Topical term or geographic name as entry element | Politics - President |
| 9 (RLIN) | 82228 |
| 700 ## - ADDED ENTRY--PERSONAL NAME | |
| Personal name | तिवारी, अरुण |
| 9 (RLIN) | 82229 |
| 942 ## - ADDED ENTRY ELEMENTS (KOHA) | |
| Source of classification or shelving scheme | Dewey Decimal Classification |
| Koha item type | Hindi Books |
| Classification part | 080 |
| Call number suffix | कलाम |
| Withdrawn status | Lost status | Damaged status | Not for loan | Home library | Current library | Date acquired | Source of acquisition | Cost, normal purchase price | Total Checkouts | Full call number | Barcode | Date last seen | Copy number | Cost, replacement price | Price effective from | Koha item type | Public note | Source of classification or shelving scheme | Coded location qualifier |
|---|---|---|---|---|---|---|---|---|---|---|---|---|---|---|---|---|---|---|---|
| Written off | Central Library | Central Library | 14/09/2015 | Cen Lib/Ref | 125.00 | 080 कलाम | B-091687 | 14/09/2015 | 18.50 | 125.00 | 14/09/2015 | Hindi Books | Written off on approval by DLB (By Circulation); dtd 15-06-2023 | ||||||
| Written off | Central Library | Central Library | 25/10/2016 | Cen Lib/Ret | 080 कलाम | B-082737 | 25/10/2016 | 2 | 125.00 | 25/10/2016 | Hindi Books | Written off on approval by DLB (By Circulation); dtd 15-06-2023 | Dewey Decimal Classification | 125.00 |
